000 01506naa a22003257a 4500
001 BR7604193
003 BR-BrBNA
005 20240918173924.0
007 ta
008 230509b bl.||||| |||| 00| 0 por d
040 _aBR-BrBNA
_bpor
_cBiblioteca Nacional de Agricultura
041 _a(Pt)
072 _aM30; M10; M00
_b/G514
090 _aM30 BR7604193
100 1 _aMilward-de-Andrade, R.
111 1 _a1. Encontro Nacional sobre Limnologia, Piscicultura e Pesca Continental
_cBelo Horizonte, MG (Brazil)
_d15-19 Sep 1975
245 1 _aSituacao atual da limnologia, da piscicultura e da pesca continental no estado de Minas Gerais (1975)[Brasil]
260 3 _aBelo Horizonte, MG (Brasil):
_c1976.
500 _aVargas, J.I.; Loureiro, C.G.C.; Milward-de-Andrade, R. (eds.) Anais do 1. Encontro Nacional sobre Limnologia, Piscicultura e Pesca Continental Belo Horizonte, MG (Brasil): 1976. p. 387-401 (BR7604193-AM)M30
650 _aACUDE
650 _aADMINISTRACAO PESQUEIRA
650 _aBACIA HIDROGRAFICA
650 _aLAGO
650 _aPESCA INTENSIVA
650 _aPISCICULTURA
650 _aMINAS GERAIS
773 0 _tAnais do 1. Encontro Nacional sobre Limnologia, Piscicultura e Pesca Continental
_aVargas, J.I.; Loureiro, C.G.C.; Milward-de-Andrade, R. (eds.). Fundacao Joao Pinheiro, Belo Horizonte, MG (Brasil). Centro de Recursos Naturais
_wM30 BR7604193
_gBelo Horizonte, MG (Brasil), 1976. p. 387-401
909 _a202404
_bLucia
_c55
_dLucia Elande
942 _cAM
_2AGRIS
999 _c307713
_d307713